| 000 | 00660cab a2200229 4500 | ||
|---|---|---|---|
| 001 | X137 | ||
| 008 | 090401t1992 xxu||||| |||| 00| 0 eng d | ||
| 035 | _a(Sirsi) u64113 | ||
| 041 | _aeng | ||
| 100 | _aScott, D. | ||
| 245 | _aChoosing the most appropriate method of construction with computer assistance | ||
| 260 | _c1992 | ||
| 350 | _a0 | ||
| 490 |
_aConstruction Management & Economics _v10(2) March 1992, 153-177(13) |
||
| 650 | _aCOMPUTERS | ||
| 650 | _aCONSTRUCTION TECHNIQUES | ||
| 690 | _aBUILT ENVIRONMENT | ||
| 690 | _aMANAGEMENT-BUSINESS MANAGEMENT-INFORMATION MANAGEMENT | ||
| 700 | _aKagiri, M. | ||
| 942 | _n0 | ||
| 948 | _c04/03/1997 | ||
| 999 |
_c39913 _d39913 |
||